[Event "Frederiksberg-ch"]
[Site "Frederiksberg"]
[Date "2019.05.01"]
[Round "2"]
[White "Hansen, John Laurids"]
[Black "Kjaer, Anders"]
[Result "1-0"]
[WhiteElo "1909"]
[BlackElo "1864"]
[PlyCount "109"]
[EventDate "2019.04.24"]
[EventType "tourn"]
[EventRounds "5"]
[EventCountry "DEN"]
[SourceTitle "EXT 2020"]
[Source "ChessBase"]
[SourceDate "2019.10.17"]
[SourceVersion "1"]
[SourceVersionDate "2019.10.17"]
[SourceQuality "1"]

1. e4 c5 2. Nf3 Nc6 3. d4 cxd4 4. Nxd4 g6 5. Nc3 Bg7 6. Be3 d6 7. Qd2 Nf6 8. f3 0-0 9. 0-0-0 Nxd4 10. Bxd4 Be6 11. g4 Qa5 12. Kb1 Rfc8 13. Nd5 Qxd2 14. Nxf6+ Bxf6 15. Rxd2 Bxd4 16. Rxd4 Rc5 17. Be2 Rac8 18. c3 b5 19. f4 f6 20. h4 Kg7 21. g5 fxg5 22. fxg5 Rf8 23. Rf1 Rxf1+ 24. Bxf1 Bd7 25. Be2 Bc6 26. Kc2 Re5 27. Kd3 h6 28. gxh6+ Kxh6 29. Ke3 g5 30. hxg5+ Kxg5 31. Bf3 Kf6 32. Rd2 a5 33. a3 d5 34. Rh2 Ke6 35. Rh6+ Kd7 36. Kd4 Rxe4+ 37. Bxe4 dxe4 38. b3 a4 39. b4 e3 40. Kxe3 e6 41. Kd4 Kd6 42. Rg6 Bd5 43. Rh6 Bc4 44. Rh5 Be2 45. Rc5 Bf1 46. Rc8 Be2 47. Rb8 Kc7 48. Ra8 Kd6 49. Ra6+ Kd7 50. Ke5 Bc4 51. Ra7+ Ke8 52. Kd6 Bb3 53. Re7+ Kd8 54. Rb7 Ba2 55. Rb8# 1-0

[Event "Politiken Cup 37th"]
[Site "Helsingor"]
[Date "2015.07.29"]
[Round "6"]
[White "Petersen, Rasmus"]
[Black "Hansen, John Laurids"]
[Result "1-0"]
[WhiteElo "1727"]
[BlackElo "1986"]
[PlyCount "55"]
[EventDate "2015.07.25"]
[EventType "swiss"]
[EventRounds "10"]
[EventCountry "DEN"]
[SourceTitle "CBM 167 Extra"]
[Source "ChessBase"]
[SourceDate "2015.09.14"]
[SourceVersion "1"]
[SourceVersionDate "2015.09.14"]
[SourceQuality "1"]

1. d4 Nf6 2. c4 g6 3. Nc3 d5 4. cxd5 Nxd5 5. e4 Nxc3 6. bxc3 Bg7 7. Nf3 c5 8. Be3 cxd4 9. Bxd4 0-0 10. Bxg7 Kxg7 11. Qd4+ Kg8 12. Bc4 Qc7 13. Bb3 Nc6 14. Qe3 Rd8 15. 0-0 Bg4 16. Ng5 Rf8 17. h3 Bd7 18. Rfd1 Rad8 19. Rd2 h6 20. Nxf7 Rxf7 21. Qxh6 Ne5 22. Bxf7+ Kxf7 23. Qh7+ Kf8 24. Rad1 Rc8 25. f4 Ba4 26. Rd8+ Rxd8 27. Rxd8+ Qxd8 28. Qh8+ 1-0

[Event "Politiken Cup 37th"]
[Site "Helsingor"]
[Date "2015.07.27"]
[Round "4"]
[White "Hansen, John Laurids"]
[Black "Walton, Alan J"]
[Result "0-1"]
[WhiteElo "1986"]
[BlackElo "2173"]
[PlyCount "62"]
[EventDate "2015.07.25"]
[EventType "swiss"]
[EventRounds "10"]
[EventCountry "DEN"]
[SourceTitle "CBM 167 Extra"]
[Source "ChessBase"]
[SourceDate "2015.09.14"]
[SourceVersion "1"]
[SourceVersionDate "2015.09.14"]
[SourceQuality "1"]

1. e4 e6 2. d4 d5 3. Nc3 Nf6 4. e5 Nfd7 5. f4 c5 6. Nf3 Nc6 7. Be3 Be7 8. Be2 0-0 9. Qd2 f6 10. exf6 Bxf6 11. 0-0 cxd4 12. Nxd4 Nb6 13. Nxc6 bxc6 14. Bd4 Qc7 15. Qe3 Bxd4 16. Qxd4 c5 17. Qf2 Bd7 18. Qh4 Rf6 19. Rf3 Raf8 20. Raf1 Bc6 21. R3f2 d4 22. Nb5 Bxb5 23. Bxb5 Nd5 24. Bd3 h6 25. g3 Ne3 26. Rc1 c4 27. Be4 e5 28. Rd2 exf4 29. Rxd4 Qb6 30. c3 fxg3 31. hxg3 Qxb2 0-1

[Event "Copenhagen Bronshoj op"]
[Site "Copenhagen"]
[Date "2015.02.09"]
[Round "6"]
[White "Jensen, Rolf"]
[Black "Hansen, John Laurids"]
[Result "1-0"]
[WhiteElo "1673"]
[BlackElo "1876"]
[PlyCount "53"]
[EventDate "2015.02.06"]
[EventType "swiss"]
[EventRounds "7"]
[EventCountry "DEN"]
[SourceTitle "EXT 2016"]
[Source "ChessBase"]
[SourceDate "2015.10.08"]
[SourceVersion "1"]
[SourceVersionDate "2015.10.08"]
[SourceQuality "1"]

1. e4 e5 2. Nf3 Nc6 3. Bb5 a6 4. Ba4 Nf6 5. 0-0 Be7 6. c3 Nxe4 7. Re1 Nc5 8. Bxc6 dxc6 9. Nxe5 0-0 10. d4 Nd7 11. Nd2 Nxe5 12. dxe5 Bc5 13. Qh5 Be6 14. Ne4 Be7 15. Bf4 h6 16. Rad1 Qc8 17. h3 Bxa2 18. Bxh6 gxh6 19. Qxh6 Qf5 20. Rd3 Qh7 21. Rg3+ Kh8 22. Qf4 Rg8 23. Nf6 Bxf6 24. Qxf6+ Rg7 25. Re4 Kg8 26. Rxg7+ Qxg7 27. Rg4 1-0

[Event "Copenhagen Bronshoj op"]
[Site "Copenhagen"]
[Date "2015.02.08"]
[Round "4"]
[White "Kristensen, Lars Ostergaard"]
[Black "Hansen, John Laurids"]
[Result "1/2-1/2"]
[WhiteElo "1660"]
[BlackElo "1876"]
[PlyCount "180"]
[EventDate "2015.02.06"]
[EventType "swiss"]
[EventRounds "7"]
[EventCountry "DEN"]
[SourceTitle "EXT 2016"]
[Source "ChessBase"]
[SourceDate "2015.10.08"]
[SourceVersion "1"]
[SourceVersionDate "2015.10.08"]
[SourceQuality "1"]

1. d4 Nf6 2. c4 g6 3. Nc3 d5 4. Nf3 Bg7 5. Qb3 c6 6. cxd5 cxd5 7. Bf4 a6 8. e3 Nc6 9. Bd3 0-0 10. Rc1 e6 11. h3 Na5 12. Qb4 Re8 13. Na4 Bf8 14. Qb6 Bd7 15. Qxd8 Raxd8 16. Nc5 Rc8 17. 0-0 Bb5 18. Bxb5 axb5 19. Nd3 Nc4 20. Rfe1 Ra8 21. a3 Rec8 22. Re2 Nd6 23. Rec2 Rxc2 24. Rxc2 Nc4 25. Rc3 Ne4 26. Rb3 Ncd6 27. Ng5 Nd2 28. Rc3 h6 29. Nf3 Nxf3+ 30. gxf3 Nc4 31. Rc2 g5 32. Bg3 Rc8 33. b3 Nb6 34. Rxc8 Nxc8 35. a4 bxa4 36. bxa4 Nb6 37. a5 Nc4 38. Bc7 Be7 39. Nc5 Bd6 40. Bxd6 Nxd6 41. e4 Nb5 42. Nxb7 Nxd4 43. a6 Nb5 44. Nd6 Na7 45. exd5 exd5 46. Nf5 Kf8 47. Nxh6 Ke7 48. Kf1 Ke6 49. Ke2 f6 50. Ng4 f5 51. Ne3 Ke5 52. Kd3 Nb5 53. Nc2 Na7 54. Ke3 Nb5 55. Nb4 f4+ 56. Kd3 Kd6 57. Kc2 Kc5 58. Kb3 d4 59. Nd3+ Kb6 60. Kc4 Kxa6 61. Kd5 Kb6 62. Ke5 Nc3 63. Kxd4 Ne2+ 64. Ke4 Ng1 65. Kf5 Nxh3 66. Kg4 Ng1 67. Ne5 Kc5 68. Nf7 Kd5 69. Nxg5 Ne2 70. Kf5 Kd6 71. Nh3 Ke7 72. Nxf4 Nd4+ 73. Kg4 Kf6 74. Nd5+ Ke5 75. Ne3 Kf6 76. f4 Kg6 77. f5+ Kf6 78. f4 Nc6 79. Nd5+ Kf7 80. Kg5 Nd8 81. Nc7 Nc6 82. f6 Nd4 83. Nd5 Nf3+ 84. Kf5 Nd4+ 85. Ke5 Nc6+ 86. Kd6 Nd4 87. Ne3 Ne6 88. Ng4 Nxf4 89. Ke5 Ng6+ 90. Kf5 Ne7+ 1/2-1/2

[Event "Copenhagen Bronshoj op"]
[Site "Copenhagen"]
[Date "2015.02.06"]
[Round "1"]
[White "Hansen, John Laurids"]
[Black "Nielsen, Viktor Haarmark"]
[Result "0-1"]
[WhiteElo "1876"]
[BlackElo "2202"]
[PlyCount "56"]
[EventDate "2015.02.06"]
[EventType "swiss"]
[EventRounds "7"]
[EventCountry "DEN"]
[SourceTitle "EXT 2016"]
[Source "ChessBase"]
[SourceDate "2015.10.08"]
[SourceVersion "1"]
[SourceVersionDate "2015.10.08"]
[SourceQuality "1"]

1. e4 e5 2. Nf3 Nc6 3. Bc4 Bc5 4. c3 Nf6 5. d4 exd4 6. cxd4 Bb4+ 7. Nbd2 Nxe4 8. 0-0 Nxd2 9. Re1+ Ne7 10. Nxd2 0-0 11. a3 d5 12. Bd3 Bd6 13. Nf3 c6 14. Qc2 h6 15. Ne5 Be6 16. f4 Qc8 17. b4 Bf5 18. Be3 a5 19. Bd2 axb4 20. Bxb4 Bxb4 21. axb4 Bxd3 22. Nxd3 Rxa1 23. Rxa1 Nf5 24. Qf2 Re8 25. Re1 Rxe1+ 26. Nxe1 Qe6 27. Kf1 Qe4 28. Nc2 Qxc2 0-1

[Event "Amager Aabne CC-ch A"]
[Site "Amager"]
[Date "2015.01.20"]
[Round "1"]
[White "Hansen, John Laurids"]
[Black "Petersen, Nils"]
[Result "0-1"]
[WhiteElo "1812"]
[BlackElo "1909"]
[PlyCount "44"]
[EventDate "2015.01.20"]
[EventType "tourn"]
[EventRounds "7"]
[EventCountry "DEN"]
[SourceTitle "EXT 2023"]
[Source "ChessBase"]
[SourceDate "2022.10.05"]
[SourceVersion "1"]
[SourceVersionDate "2022.10.05"]
[SourceQuality "1"]

1. e4 c5 2. Nf3 e6 3. d4 cxd4 4. Nxd4 Nc6 5. Nc3 a6 6. Be2 Qc7 7. 0-0 Nf6 8. Be3 Bb4 9. Nxc6 bxc6 10. Qd3 0-0 11. f4 d5 12. e5 Nd7 13. a3 Be7 14. Rf3 f5 15. Na4 c5 16. c3 a5 17. Qd2 Ba6 18. Bd1 Bb5 19. b4 axb4 20. axb4 Qc6 21. Qc2 Ra6 22. bxc5 Nxc5 0-1

[Event "Copenhagen K41 Sommer E"]
[Site "Copenhagen"]
[Date "2012.06.16"]
[Round "5"]
[White "Poulsen, Lars"]
[Black "Hansen, John Laurids"]
[Result "0-1"]
[WhiteElo "1613"]
[BlackElo "1678"]
[PlyCount "62"]
[EventDate "2012.05.17"]
[EventType "tourn"]
[EventRounds "5"]
[EventCountry "DEN"]
[SourceTitle "EXT 2023"]
[Source "ChessBase"]
[SourceDate "2022.10.05"]
[SourceVersion "1"]
[SourceVersionDate "2022.10.05"]
[SourceQuality "1"]

1. d4 Nf6 2. c4 g6 3. Nf3 Bg7 4. e3 d6 5. b4 c5 6. b5 Bg4 7. Be2 Nbd7 8. Bb2 cxd4 9. exd4 Ne4 10. 0-0 Qa5 11. h3 Bf5 12. Qb3 0-0 13. Nh4 Qb6 14. Nxf5 gxf5 15. d5 Ndc5 16. Qc2 Bxb2 17. Qxb2 Na4 18. Qc2 Qd4 19. Nd2 Qxd2 20. Qxa4 Qxe2 21. Rae1 Qb2 22. Rb1 Qd4 23. Rbd1 Qc5 24. Qc2 Rac8 25. Rc1 Qd4 26. Kh2 Kh8 27. a4 Rg8 28. Rcd1 Rxc4 29. Qe2 Qg7 30. f3 Nc3 31. Qc2 Nxd1 0-1

[Event "Taastrup Quick Weekend 13th B1"]
[Site "Taastrup"]
[Date "2011.04.03"]
[Round "4"]
[White "Hansen, Rasmus Agertoft"]
[Black "Hansen, John Laurids"]
[Result "1-0"]
[WhiteElo "1774"]
[BlackElo "1704"]
[PlyCount "75"]
[EventDate "2011.04.01"]
[EventType "tourn"]
[EventRounds "5"]
[EventCountry "DEN"]
[SourceTitle "EXT 2023"]
[Source "ChessBase"]
[SourceDate "2022.10.05"]
[SourceVersion "1"]
[SourceVersionDate "2022.10.05"]
[SourceQuality "1"]

1. e4 e5 2. Nf3 Nc6 3. Bb5 Nf6 4. 0-0 d6 5. Re1 Bd7 6. c3 Be7 7. d4 exd4 8. cxd4 0-0 9. Nc3 Re8 10. e5 dxe5 11. dxe5 Ng4 12. h3 Nh6 13. Bxh6 gxh6 14. Nd5 Kh8 15. Ba4 Rg8 16. Kh2 Rg7 17. Ne3 Qe8 18. Bb3 Rd8 19. Qe2 Bb4 20. Nd5 Bxe1 21. Rxe1 Qe6 22. Nf4 Qe7 23. Nh5 Rg6 24. Bc2 Be6 25. Bxg6 hxg6 26. Nf6 Bxa2 27. b3 Bxb3 28. Qe3 Kg7 29. Qxb3 b6 30. Ng4 Nb4 31. Qe3 g5 32. Nd4 Rxd4 33. Qxd4 Nc2 34. Qe4 Nxe1 35. Nf6 Nf3+ 36. gxf3 Qe6 37. Qh7+ Kf8 38. Qg8+ 1-0

[Event "Taastrup Quick Weekend 13th B1"]
[Site "Taastrup"]
[Date "2011.04.02"]
[Round "3"]
[White "Hansen, John Laurids"]
[Black "Holst, Peter"]
[Result "0-1"]
[WhiteElo "1704"]
[BlackElo "1815"]
[PlyCount "66"]
[EventDate "2011.04.01"]
[EventType "tourn"]
[EventRounds "5"]
[EventCountry "DEN"]
[SourceTitle "EXT 2023"]
[Source "ChessBase"]
[SourceDate "2022.10.05"]
[SourceVersion "1"]
[SourceVersionDate "2022.10.05"]
[SourceQuality "1"]

1. e4 c5 2. Nf3 Nc6 3. d4 cxd4 4. Nxd4 g6 5. c4 Bg7 6. Be3 Nf6 7. Nc3 Ng4 8. Qxg4 Nxd4 9. Qd1 Ne6 10. Be2 Qa5 11. Qd2 d6 12. 0-0 Bd7 13. Rfd1 Bc6 14. Nd5 Qxd2 15. Rxd2 b6 16. Rad1 h5 17. f4 Bxd5 18. cxd5 Nc5 19. Bb5+ Kf8 20. Bd4 Nxe4 21. Rc2 a6 22. Bc6 Rb8 23. Be3 f5 24. b4 Bf6 25. Bd7 a5 26. a3 axb4 27. axb4 Kg7 28. Rc6 b5 29. Rdc1 Rhd8 30. Rc7 Ra8 31. Ba7 Rxa7 32. Bxb5 Rxc7 33. Rxc7 Rb8 0-1

[Event "Taastrup Quick Weekend 13th B1"]
[Site "Taastrup"]
[Date "2011.04.01"]
[Round "1"]
[White "Christensen, Verner"]
[Black "Hansen, John Laurids"]
[Result "0-1"]
[WhiteElo "1740"]
[BlackElo "1704"]
[PlyCount "28"]
[EventDate "2011.04.01"]
[EventType "tourn"]
[EventRounds "5"]
[EventCountry "DEN"]
[SourceTitle "EXT 2023"]
[Source "ChessBase"]
[SourceDate "2022.10.05"]
[SourceVersion "1"]
[SourceVersionDate "2022.10.05"]
[SourceQuality "1"]

1. e4 e5 2. Bc4 Nf6 3. Nc3 Nc6 4. d3 Bb4 5. f4 d5 6. exd5 Nxd5 7. Nge2 Bg4 8. 0-0 Nxc3 9. bxc3 Bxc3 10. Rb1 Nd4 11. Rf2 0-0 12. Qf1 Nxe2+ 13. Rxe2 Bxe2 14. Qxe2 exf4 0-1

[Event "Taastrup Quick Weekend 12th B2"]
[Site "Taastrup"]
[Date "2010.10.02"]
[Round "3"]
[White "Mouritsen, Jan"]
[Black "Hansen, John Laurids"]
[Result "1/2-1/2"]
[WhiteElo "1647"]
[BlackElo "1815"]
[PlyCount "142"]
[EventDate "2010.10.01"]
[EventType "tourn"]
[EventRounds "5"]
[EventCountry "DEN"]
[SourceTitle "EXT 2023"]
[Source "ChessBase"]
[SourceDate "2022.10.05"]
[SourceVersion "1"]
[SourceVersionDate "2022.10.05"]
[SourceQuality "1"]

1. d4 Nf6 2. Nf3 g6 3. g3 Bg7 4. Bg2 0-0 5. 0-0 d5 6. Nbd2 Nc6 7. e3 Bf5 8. a3 Re8 9. c4 dxc4 10. Nxc4 Ne4 11. Nh4 Be6 12. Qc2 Nf6 13. Bxc6 bxc6 14. Ne5 Bd5 15. f3 Qd6 16. Bd2 a5 17. Rac1 Ra6 18. Qd3 Rea8 19. e4 Be6 20. Rfd1 Nd7 21. Nxd7 Qxd7 22. Be3 a4 23. Ng2 Bb3 24. Rd2 Ra5 25. Qe2 Rb8 26. Nf4 Rab5 27. Qf2 Qe8 28. Nd3 h5 29. Nc5 e5 30. Nxb3 Rxb3 31. dxe5 Bxe5 32. Bd4 Qe6 33. f4 Bd6 34. Qe2 h4 35. Rc3 hxg3 36. hxg3 c5 37. Rxb3 Rxb3 38. Bc3 f6 39. Qd3 Kf7 40. Qd5 Rb8 41. Qxe6+ Kxe6 42. Kf2 Rh8 43. Kg2 Rg8 44. e5 fxe5 45. Bxe5 Bxe5 46. Re2 Rb8 47. Rxe5+ Kd6 48. Re2 Kd5 49. Kf3 Rb3+ 50. Kf2 Kd4 51. Rd2+ Rd3 52. Rxd3+ Kxd3 53. g4 Ke4 54. Kg3 c4 55. f5 gxf5 56. g5 f4+ 57. Kh3 Kf5 58. g6 Kxg6 59. Kg4 Kf6 60. Kxf4 Ke6 61. Ke4 c5 62. Ke3 Kd5 63. Ke2 c3 64. bxc3 Kc4 65. Kd2 Kb3 66. Kc1 Kxc3 67. Kb1 Kd2 68. Kb2 c4 69. Ka1 c3 70. Kb1 c2+ 71. Ka2 c1Q 1/2-1/2

[Event "Taastrup Quick Weekend 5th B1"]
[Site "Taastrup"]
[Date "2007.04.21"]
[Round "3"]
[White "Hansen, Soren Otto"]
[Black "Hansen, John Laurids"]
[Result "0-1"]
[WhiteElo "1527"]
[BlackElo "1621"]
[PlyCount "92"]
[EventDate "2007.04.20"]
[EventType "tourn"]
[EventRounds "5"]
[EventCountry "DEN"]
[SourceTitle "EXT 2023"]
[Source "ChessBase"]
[SourceDate "2022.10.05"]
[SourceVersion "1"]
[SourceVersionDate "2022.10.05"]
[SourceQuality "1"]

1. e4 e5 2. Nf3 Nc6 3. Bc4 Bc5 4. Nxe5 Nxe5 5. d4 Bb4+ 6. c3 Bxc3+ 7. Nxc3 Nxc4 8. Qe2 Nb6 9. 0-0 d6 10. f4 Qe7 11. Bd2 Nf6 12. Rae1 Bg4 13. Qd3 Be6 14. b3 0-0 15. f5 Bd7 16. Bg5 Qe8 17. Qg3 Nh5 18. Qh4 f6 19. Bc1 g5 20. Qg4 Qf7 21. Rf3 Rae8 22. Rh3 Ng7 23. Rhe3 Re7 24. a4 a5 25. Qf3 Rfe8 26. g4 c6 27. e5 dxe5 28. Ba3 e4 29. Nxe4 Rxe4 30. Rxe4 Rxe4 31. Rxe4 Nd5 32. Qd3 Nxf5 33. gxf5 Bxf5 34. Re8+ Qxe8 35. Qxf5 Qe1+ 36. Qf1 Qxf1+ 37. Kxf1 Kf7 38. Kf2 Ke6 39. Kf3 Kf5 40. Kg3 h5 41. Kf3 b6 42. Bc1 g4+ 43. Kg3 Ke4 44. Kh4 Nf4 45. Bb2 f5 46. Kg5 Ne6+ 0-1

[Event "Taastrup Quick Weekend 4th B"]
[Site "Taastrup"]
[Date "2006.10.29"]
[Round "5"]
[White "Jensen, Jan Kargaard"]
[Black "Hansen, John Laurids"]
[Result "1-0"]
[WhiteElo "1657"]
[BlackElo "1651"]
[PlyCount "69"]
[EventDate "2006.10.27"]
[EventType "tourn"]
[EventRounds "5"]
[EventCountry "DEN"]
[SourceTitle "EXT 2023"]
[Source "ChessBase"]
[SourceDate "2022.10.05"]
[SourceVersion "1"]
[SourceVersionDate "2022.10.05"]
[SourceQuality "1"]

1. d4 Nf6 2. Nf3 e6 3. Bf4 d5 4. e3 Nbd7 5. Nbd2 Be7 6. Bd3 0-0 7. h3 Re8 8. 0-0 Nf8 9. c4 Bd6 10. Ne5 dxc4 11. Ndxc4 Nd5 12. Bh2 Be7 13. Rc1 f6 14. Nf3 b6 15. a3 c5 16. dxc5 bxc5 17. Qc2 Bd7 18. Rfd1 Qc8 19. Nd6 Bxd6 20. Bxd6 Qb7 21. Bxc5 Rac8 22. Qb1 Ba4 23. Re1 g6 24. Bxf8 Rxf8 25. Nd4 Rfe8 26. Rxc8 Qxc8 27. Rc1 Qb7 28. b4 e5 29. Nb3 Qb6 30. Bc4 Rd8 31. e4 Bc6 32. exd5 Bxd5 33. Bxd5+ Rxd5 34. Qc2 a5 35. Qc4 1-0